The guide to community preventive services (Record no. 35186)

MARC details
000 -LEADER
fixed length control field 00926nam a22002417a 4500
005 - DATE AND TIME OF LATEST TRANSACTION
control field 20150124124131.0
008 - FIXED-LENGTH DATA ELEMENTS--GENERAL INFORMATION
fixed length control field 121205t nyu||||| |||| 00| 0 eng d
020 ## - INTERNATIONAL STANDARD BOOK NUMBER
International Standard Book Number 9780195151084
050 04 - LIBRARY OF CONGRESS CALL NUMBER
Classification number RA445
Item number G53 2005
245 04 - TITLE STATEMENT
Title The guide to community preventive services
Remainder of title : what works to promote health
Statement of responsibility, etc / Stephanie Zaza, Peter A. Briss co-director ; Kate W. Harris managing editor
250 ## - EDITION STATEMENT
Edition statement 1a ed.
260 ## - PUBLICATION, DISTRIBUTION, ETC. (IMPRINT)
Place of publication, distribution, etc New York :
Name of publisher, distributor, etc Oxford University Press,
Date of publication, distribution, etc 2005
300 ## - PHYSICAL DESCRIPTION
Extent xxxvi, 506 p. ;
Dimensions 23 cm.
504 ## - BIBLIOGRAPHY, ETC. NOTE
Bibliography, etc Incluye bibliografía e índice
650 #7 - SUBJECT ADDED ENTRY--TOPICAL TERM
Source of heading or term LEMB
Topical term or geographic name as entry element Servicios de salud preventiva
Geographic subdivision Estados Unidos
650 #7 - SUBJECT ADDED ENTRY--TOPICAL TERM
Source of heading or term LEMB
Topical term or geographic name as entry element Salud pública
Geographic subdivision Estados Unidos
650 #4 - SUBJECT ADDED ENTRY--TOPICAL TERM
Topical term or geographic name as entry element Servicios de salud
Geographic subdivision Estados Unidos
700 1# - ADDED ENTRY--PERSONAL NAME
Personal name Zaza, Stephanie
Relator term dir.
700 1# - ADDED ENTRY--PERSONAL NAME
Personal name Briss, Peter A.
Relator term dir.
700 1# - ADDED ENTRY--PERSONAL NAME
Personal name Harris, Kate W.
Relator term ed.
710 1# - ADDED ENTRY--CORPORATE NAME
Corporate name or jurisdiction name as entry element United States
Subordinate unit Task Force on Community Preventive Services
942 ## - ADDED ENTRY ELEMENTS (KOHA)
Source of classification or shelving scheme Biblioteca del Cogreso de los Estados Unidos
Koha item type Libro
Holdings
Estado de pérdida Fuente de clasificación Estado del daño No para préstamo Ubicación permanente Ubicación actual Apartado o colección Fecha de adquisición Edición Área del conocimiento Clasificación Código de Barras Date last seen Número de copia Costo por reposición Tipo de recurso
  Biblioteca del Cogreso de los Estados Unidos     Biblioteca de la Unidad de Ciencias Ingeniería y Humanidades Biblioteca de la Unidad de Ciencias Ingeniería y Humanidades General 05/12/2012 1a. ed. Ciencias de la Salud RA445 G53 2005 BCU000013163 05/12/2012 1 1.00 Libro